[Event "Eurasia Open Cup 2019"]
[Site "Ekaterinburg"]
[Date "2019.08.09"]
[Round "9.12"]
[White "Savitskiy, Sergey"]
[Black "Bocharov, Dmitry"]
[Result "0-1"]
[WhiteElo "2418"]
[BlackElo "2506"]
[Annotator "TA"]
[PlyCount "104"]
[EventDate "2019.07.31"]
[EventType "swiss"]
[EventCountry "RUS"]
[SourceTitle "playchess.com"]
[Source "ChessBase"]
[SourceQuality "1"]

{[%evp 18,104,4,-5,3,2,9,0,0,3,18,16,45,30,28,8,6,18,24,22,27,17,18,23,19,20,32,10,60,18,27,14,12,-7,0,0,0,0,0,-17,-25,-196,-195,-205,-191,-188,-183,-152,-123,-122,-137,-150,-151,-151,-151,-151,-157,-161,-172,-181,-151,-185,-178,-178,-151,-145,-104,-247,-242,-793,8,-52,-52,-52,-52,-52,-52,-52,-52,-52,-52,-642,-552,-495,-481,-1378,-1269,-709,-631]} 1. e4 e5 2. Nf3 Nc6 3. d4 exd4 4. Nxd4 Nf6 5. Nxc6 bxc6 6. e5 Qe7 7. Qe2 Nd5 8. c4 Nb6 9. Nc3 Qe6 10. Qe4 d5 {C45: Scotch Game} (10... g6 11. Bd2 Bb7 12. Bd3 Bg7 13. O-O O-O 14. c5 Nd5 15. f4 Qe7 16. Qc4 a5 17. Ne4 Ba6 18. Qc2 Bxd3 19. Qxd3 {0-1 (43) Solak,D (2601)-Kovalev,V (2703) Skopje 2019}) 11. exd6 cxd6 12. Be3 Qxe4 {The position is equal.} 13. Nxe4 Bf5 14. Ng3 {[%cal Be4g3,Bg3e2,Be2c3][%mdl 32]} Bg6 $146 ({Predecessor:} 14... Be6 15. Rc1 Be7 16. Be2 d5 17. c5 Nd7 18. O-O Bf6 19. b3 O-O 20. Rfd1 a5 21. f4 Nb8 22. Bd4 Bd8 23. Bd3 g6 {½-½ (23) Shi,D (1777)-Mihajlov,S (2076) Maribor 2012}) 15. h4 {Hoping for h5.} h5 16. Rc1 Be7 17. Ne2 c5 18. Nc3 O-O 19. b3 a5 20. a4 Bf6 21. Be2 Rfe8 22. Bf3 Rad8 23. Kd2 Rb8 24. Nb5 (24. Bc6 $5 {[%cal Rc6e8]}) 24... Red8 {Strongly threatening ...d5.} 25. Bg5 d5 $36 {[%mdl 2048] White is under pressure.} 26. Bxf6 gxf6 27. cxd5 Nxd5 28. Rxc5 Nb4+ 29. Kc3 $2 (29. Ke3 $1 $11) 29... Na2+ $1 $19 {[%mdl 1024] Black has strong compensation.} 30. Kb2 Rd2+ 31. Ka3 Nb4 $1 {[%csl Gb4][%cal Rd2a2]} 32. Ra1 Rc2 ({Resist} 32... Rxf2 33. Nd4 $15) 33. Rc4 Rxc4 ({Much worse is} 33... Rxf2 $6 34. Rxb4 axb4+ 35. Kxb4 $15) 34. bxc4 Nc2+ {[%mdl 64] Double Attack} 35. Kb2 {And now Rd1 would win.} Nxa1 36. Kxa1 $17 {[%mdl 4096] Endgame [#] KRB-KBN} Bc2 $1 37. Bxh5 Bxa4 38. Nd6 Kf8 39. Bf3 Bd7 40. c5 Rb4 41. h5 Ke7 42. g3 (42. Be4 $17) 42... Rb3 $19 43. h6 $2 (43. Ba8 Rc3 44. Ne4) 43... f5 $2 (43... Ra3+ $19 44. Kb1 Rxf3) 44. Bd5 (44. Bb7 $11 Kf6 45. h7) 44... Rb8 $15 {aiming for ...Be6.} 45. Nxf7 {Black must now prevent h7.} Be6 46. Bxe6 Kxe6 {KR-KN} 47. Ng5+ $1 Kf6 48. f4 $1 Rc8 49. h7 $2 {[%mdl 8192]} (49. Ka2 $15) 49... Kg7 $19 {Black is clearly winning.} 50. Kb2 {[#] and the idea Kb3 leaves White hopeful.} Kh8 $1 51. Nf7+ (51. Ne6 $142 Rc6 52. Nf8) 51... Kxh7 52. Ne5 Rxc5 {Accuracy: White = 38%, Black = 64%.} 0-1

[Event "Eurasia Open Cup 2019"]
[Site "Ekaterinburg"]
[Date "2019.08.09"]
[Round "9.13"]
[White "Kezin, Roman"]
[Black "Cherniaev, Alexander"]
[Result "1/2-1/2"]
[WhiteElo "2470"]
[BlackElo "2396"]
[Annotator "TA"]
[PlyCount "80"]
[EventDate "2019.07.31"]
[EventType "swiss"]
[EventCountry "RUS"]
[SourceTitle "playchess.com"]
[Source "ChessBase"]
[SourceQuality "1"]

{[%evp 9,80,19,23,12,22,25,22,12,18,17,25,23,18,15,20,4,18,16,12,8,51,25,21,28,35,7,31,29,21,25,45,0,0,0,0,0,26,20,15,19,59,59,59,59,59,59,59,59,59,59,59,59,88,58,112,59,79,59,104,0,52,52,52,52,52,52,52,52,52,52,52,52,52]} 1. d4 Nf6 2. c4 d6 3. Nf3 g6 4. Nc3 Bg7 5. Bg5 Bf5 (5... h6 6. Bh4 g5 7. Bg3 Nh5 8. e3 c5 9. d5 Nd7 10. Qc2 Nxg3 11. hxg3 Ne5 12. Be2 Nxf3+ 13. gxf3 Qa5 14. Kf1 Bd7 15. f4 gxf4 16. exf4 {½-½ (26) Svidler,P (2756)-Solak,D (2641) Khanty-Mansiysk 2017}) 6. e3 {E61: King's Indian: Early deviations for White, including Smyslov System} Ne4 7. Nxe4 Bxe4 8. Bd3 {The position is equal.} Bxd3 9. Qxd3 Nd7 10. O-O h6 11. Bh4 O-O 12. b4 $146 ({Predecessor:} 12. Rad1 c5 13. b4 cxb4 {0-1 (37) Roeder,M (2432)-Glek,I (2420) Belgium 2012}) 12... Qe8 13. c5 e5 {[#] aiming for ...e4.} 14. Qc4 Kh8 15. dxe5 (15. Rae1 {looks sharper.} f5 16. Bg3 Qf7 17. Qb5 Rfb8 18. dxe5 a6 19. Qa5) 15... Nxe5 16. Nxe5 dxe5 17. Rad1 g5 18. Bg3 f5 {[#] Strongly threatening ...f4.} 19. f3 Qa4 20. Qb3 (20. Rd5 {seems wilder.} f4 21. exf4 exf4 22. Bf2 Rad8 23. h4) 20... Qxb3 21. axb3 Rfd8 22. b5 Kg8 23. e4 $36 {[%mdl 2048] White has some pressure.} f4 24. Bf2 Kf7 25. Rxd8 Rxd8 $14 {[%mdl 4096] Endgame KRB-KRB} 26. Ra1 Bf6 27. Kf1 Ra8 28. Ke2 Ke6 29. Kd3 Be7 30. Kc3 h5 31. h3 Bf6 (31... g4 $14) 32. Kc4 ({White should try} 32. b4 $16) 32... Be7 33. Ra2 Bf8 34. Rd2 (34. b4 $16) 34... c6 (34... a6 $11) 35. b4 {White is slightly better.} a6 36. bxc6 bxc6 37. Ra2 Be7 38. Be1 Bd8 39. Bc3 Bc7 40. Rd2 Rd8 {Accuracy: White = 62%, Black = 54%.} 1/2-1/2

[Event "Eurasia Open Cup 2019"]
[Site "Ekaterinburg"]
[Date "2019.08.09"]
[Round "9.14"]
[White "Ulybin, Mikhail"]
[Black "Kotlyar, Kirill"]
[Result "1/2-1/2"]
[WhiteElo "2469"]
[BlackElo "2387"]
[Annotator "TA"]
[PlyCount "80"]
[EventDate "2019.07.31"]
[EventType "swiss"]
[EventCountry "RUS"]
[SourceTitle "playchess.com"]
[Source "ChessBase"]
[SourceQuality "1"]

{[%evp 9,80,3,7,0,0,0,-5,0,0,0,0,0,0,0,0,0,0,-8,-6,-26,-25,-29,-28,-69,-34,-45,-20,-19,-18,-19,-8,-30,-30,-27,-27,-26,-14,-22,-13,-8,-7,-12,0,0,0,0,0,0,0,0,0,0,0,0,0,0,0,0,0,0,0,0,0,0,0,0,0,0,0,0,0,0,0]} 1. d4 Nf6 2. c4 g6 3. Nc3 d5 4. e3 Bg7 5. cxd5 Nxd5 6. Nxd5 {D80: Grünfeld: Unusual White 4th moves and 4 Bg5} Qxd5 7. Ne2 O-O 8. Nc3 Qd8 (8... Qa5 9. Bd2 c6 10. Bc4 {½-½ (10) Zubov,A (2598)-Sutovsky,E (2628) Israel 2019}) 9. Be2 c6 10. O-O e5 11. d5 cxd5 12. Qxd5 Nc6 13. Rd1 Be6 14. Qxd8 $146 ({Predecessor:} 14. Qc5 Qe7 15. Qxe7 Nxe7 16. Bf3 Rab8 17. Bd2 Rfd8 18. Rac1 {½-½ (18) Fayard,A (2219)-Kambrath,Y (2132) Caen 2011}) 14... Rfxd8 15. Bd2 f5 16. Na4 b6 17. b3 e4 18. Rac1 Ne5 19. Rc7 Rac8 20. Rxc8 Rxc8 21. Rc1 Rxc1+ 22. Bxc1 Nc6 {next ...Nb4 is good for Black.} 23. Ba3 {The position is equal.} Bf8 24. Bxf8 Kxf8 $11 {[%mdl 4096] Endgame KBN-KBN} 25. Kf1 Nb4 26. Nc3 Ke7 27. Ke1 a5 28. Kd2 Kd6 29. a3 Nc6 30. Na4 Bxb3 31. Nxb6 Kc5 32. Nd7+ Kd6 33. Nb6 Kc5 34. Nd7+ Kd6 35. Kc3 Bf7 36. Nb6 Ne5 37. Kd4 Nc6+ 38. Kc3 Ne5 39. Kd4 Nc6+ 40. Kc3 Ne5 {Accuracy: White = 68%, Black = 58%.} 1/2-1/2

[Event "Eurasia Open Cup 2019"]
[Site "Ekaterinburg"]
[Date "2019.08.09"]
[Round "9.15"]
[White "Zasukhin, Vadim"]
[Black "Kozionov, Kirill"]
[Result "0-1"]
[WhiteElo "2249"]
[BlackElo "2454"]
[Annotator "TA"]
[PlyCount "50"]
[EventDate "2019.07.31"]
[EventType "swiss"]
[EventCountry "RUS"]
[SourceTitle "playchess.com"]
[Source "ChessBase"]
[SourceQuality "1"]

{[%evp 17,132,11,13,-23,-10,-38,55,63,62,-115,50,33,45,56,35,49,0,-30,-51,-36,-16,-92,-80,-116,-111,-118,-112,-122,-125,-127,-132,-131,-120,-124,-100,-124,-69,-82,-84,-72,-64,-58,-37,-37,-29,-39,-20,-70,-35,-75,-93,-176,-161,-181,-181,-171,-66,-72,157,140,179,184,164,147,139,46,87,27,91,72,154,58,53,39,79,0,0,-147,-157,-141,-132,-172,-189,-219,-224,-420,-410,-545,-550,-543,-538,-562,-558,-758,-749,-741,-770,-739,-729,-710,-703,-1262,-1247,-1702,-1283,-1435,-1305,-2662,-2559,-29986,-29987,-29987,-29988,-29988,-29989,-29986,-29987]} 1. d4 Nf6 2. c4 g6 3. Nc3 Bg7 4. e4 d6 5. Be2 O-O 6. Bg5 Na6 7. Qd2 e5 8. d5 Qe8 9. h4 Nc5 10. f3 {E73: King's Indian: Averbakh Variation without 6...c5} (10. Bf3 a5 11. Nge2 h5 12. O-O-O Bd7 13. Kb1 b5 14. cxb5 Bxb5 15. Nxb5 Qxb5 16. Nc3 Qb4 17. Qc2 Rab8 18. Be3 {0-1 (45) Xu,X (2567)-Naroditsky,D (2616) chess.com INT 2019}) 10... Nh5 $1 11. g4 Nf4 (11... Ng3 $15 12. Rh3 Nxe2 13. Qxe2 f5 14. gxf5 gxf5) 12. Nh3 $14 {White is slightly better.} f5 13. O-O-O $2 (13. gxf5 $14 {stays ahead.} Nxe2 14. Qxe2) 13... Nxh3 $2 ({Black should play} 13... fxg4 $1 $17 14. fxg4 h6 15. Nxf4 exf4 16. Bxf4 Bxc3 17. bxc3 Nxe4) 14. Rxh3 f4 $1 15. h5 h6 16. Bh4 gxh5 17. Bf2 hxg4 18. fxg4 Nd7 $146 19. Bf3 (19. Nb5 $11 Qd8 20. Bh4) 19... Nf6 $17 20. Rh4 a6 21. Rg1 Nh7 22. Qe2 Bd7 23. Kb1 b5 {[%cal Bb7b5,Bb5b4][%mdl 32]} 24. Rh5 b4 25. Nd1 Ng5 {Played: Qe8-g6} 0-1

[Event "Eurasia Open Cup 2019"]
[Site "Ekaterinburg"]
[Date "2019.08.09"]
[Round "9.17"]
[White "Zhigalko, Andrey"]
[Black "Klukin, Kirill"]
[Result "1-0"]
[WhiteElo "2549"]
[BlackElo "2325"]
[Annotator "TA"]
[PlyCount "69"]
[EventDate "2019.07.31"]
[EventType "swiss"]
[EventCountry "RUS"]
[SourceTitle "playchess.com"]
[Source "ChessBase"]
[SourceQuality "1"]

{[%evp 11,69,33,36,44,58,53,61,65,54,50,58,37,76,72,72,80,93,63,86,85,83,77,119,99,102,83,262,265,248,253,332,341,485,414,565,549,518,365,381,388,359,368,370,391,1176,1168,1145,1117,1312,1242,1183,1038,6255,6172,29987,5606,29988,29989,29997,29998]} 1. d4 Nf6 2. c4 g6 3. Nc3 Bg7 4. e4 d6 5. h3 O-O 6. Be3 Na6 7. g4 {E71: King's Indian: 4 e4 d6 5 h3} c5 $146 (7... c6 8. Bg2 e5 9. Nge2 Nc7 10. f4 exf4 11. Nxf4 Nd7 12. Qd2 b5 13. cxb5 Nxb5 14. Nxb5 cxb5 {½-½ (25) Cheparinov,I (2683)-Chigaev,M (2613) Skopje 2019}) 8. Nge2 cxd4 9. Nxd4 {White is slightly better.} Nc5 10. Bg2 a6 11. O-O Bd7 12. Qd2 Rc8 13. Rac1 h5 14. f3 (14. g5 {with more complications.} Ne8 15. Nde2 Be6 16. b3 b5 17. b4) 14... Ne6 15. Nxe6 Bxe6 16. b3 Re8 {[%cal Rh5g4]} 17. g5 Nh7 18. f4 b5 $2 (18... Qa5 $16 {was called for.}) 19. f5 $18 (19. cxb5 Qa5 $16) 19... Bd7 20. Nd5 ({Don't take} 20. fxg6 $6 fxg6 21. Nd5 Rf8 $16) 20... Bc6 21. cxb5 ({Don't play} 21. fxg6 fxg6 22. cxb5 (22. Qf2 Rf8 $14) 22... Bxb5 $18) 21... Bxd5 (21... Bxb5 $142 22. Rxc8 Qxc8) 22. Qxd5 Rxc1 23. Rxc1 e6 24. Qb7 exf5 25. bxa6 Nxg5 26. a7 {[#] Threatens to win with exf5.} Nxe4 27. Bb6 Qg5 $2 (27... Qh4 28. Qc6 Rf8) 28. Rc8 Kh7 29. a8=Q Nc5 30. Rxe8 Qc1+ 31. Bf1 Bd4+ 32. Kg2 Qd2+ 33. Be2 (33. Re2 $142 Qg5+ 34. Kf3 Bg7 35. Qxf7 Kh6 {[#]} 36. Qaf8 $1 {[%mdl 512]} Bxf8 37. Qxf8+ {[%mdl 64] Double Attack} Kh7 38. Re8) 33... Qg5+ 34. Kf3 Ne4 35. Qxf7+ {Accuracy: White = 90%, Black = 41%.} 1-0

[Event "Eurasia Open Cup 2019"]
[Site "Ekaterinburg"]
[Date "2019.08.09"]
[Round "9.18"]
[White "Karpeshov, Oleg"]
[Black "Vokhidov, Shamsiddin"]
[Result "0-1"]
[WhiteElo "2286"]
[BlackElo "2515"]
[Annotator "TA"]
[PlyCount "58"]
[EventDate "2019.07.31"]
[EventType "swiss"]
[EventCountry "RUS"]
[SourceTitle "playchess.com"]
[Source "ChessBase"]
[SourceQuality "1"]

{[%evp 9,58,26,23,-19,0,-20,26,7,0,-2,9,5,28,0,0,-79,-87,-81,-74,-86,-84,-106,-114,-204,-201,-225,-217,-214,-205,-193,-179,-212,-211,-227,-224,-208,-224,-244,-193,-429,-416,-421,-401,-658,-658,-658,-648,-633,-623,-648,-589]} 1. Nf3 Nf6 2. c4 e6 3. Nc3 Bb4 4. Qc2 c5 5. a3 Ba5 6. g4 {A17: English Opening: 1...Nf6 with ...Bb4} (6. e3 Nc6 7. Be2 e5 8. O-O O-O 9. b3 Re8 10. Bb2 d6 11. Rad1 Bg4 12. d3 h6 13. Ne4 Nxe4 14. dxe4 {½-½ (133) Bu,X (2698)-Zhou,J (2635) Shenzhen 2016}) 6... h6 7. Rg1 d6 8. h4 {White has an edge.} Nc6 9. g5 hxg5 10. hxg5 Nd7 11. Ne4 Qe7 12. b4 $146 (12. e3 $11 {remains equal.}) ({Predecessor:} 12. b3 Nde5 13. Nxe5 dxe5 {0-1 (25) Guilleux,F (2439)-Das,A (2479) Figueres 2012}) 12... cxb4 $17 13. Bb2 e5 $36 {[%mdl 2048] Black has strong initiative.} 14. Qd3 Nc5 15. Nxc5 ({Avoid the trap} 15. Nxd6+ $2 Kd7 $19) 15... dxc5 16. axb4 (16. Qe4 $17) 16... Bxb4 $19 {[#] White must now prevent ...e4.} ({Resist} 16... cxb4 {[#]} 17. Rxa5 $1 {[%mdl 512]} Nxa5 18. Bxe5 $15) 17. Qe4 {[%cal Rf3e5]} f5 18. gxf6 gxf6 19. e3 Be6 20. Qg6+ Qf7 21. O-O-O Qxg6 22. Rxg6 Kf7 23. Rg3 Rag8 24. d4 $2 (24. Rxg8 {was necessary.} Rxg8 25. d3) 24... Rxg3 25. fxg3 e4 26. Ng5+ (26. Nh4 $142 cxd4 27. exd4) 26... fxg5 {Black is clearly winning.} 27. d5 Rh2 28. dxe6+ Kxe6 29. g4 Rf2 {Accuracy: White = 41%, Black = 72%.} 0-1

[Event "Eurasia Open Cup 2019"]
[Site "Ekaterinburg"]
[Date "2019.08.09"]
[Round "9.19"]
[White "Tsybikov, Tumen"]
[Black "Hamitevici, Vladimir"]
[Result "1/2-1/2"]
[WhiteElo "2281"]
[BlackElo "2480"]
[Annotator "TA"]
[PlyCount "89"]
[EventDate "2019.07.31"]
[EventType "swiss"]
[EventCountry "RUS"]
[SourceTitle "playchess.com"]
[Source "ChessBase"]
[SourceQuality "1"]

{[%evp 13,89,18,22,7,13,18,38,16,18,-83,0,-6,0,-5,0,0,0,0,0,0,0,0,0,0,0,-18,-18,-45,-37,-50,0,0,0,0,0,0,0,0,0,0,0,-13,-15,-76,-5,-71,0,0,0,0,0,-53,-9,-29,0,0,0,0,0,0,0,0,0,0,0,0,0,0,0,0,0,-4,0,0,0,-3,0,0]} 1. e4 c6 2. d4 d5 3. e5 Bf5 4. h4 h6 5. g4 Be4 6. f3 Bh7 7. e6 Qd6 8. exf7+ $1 {B12: Caro-Kann: Advance Variation} Kxf7 9. f4 (9. Bd3 Bxd3 10. Qxd3 Nd7 11. h5 e5 12. f4 exd4 13. Qf5+ Ngf6 14. g5 hxg5 15. fxg5 Qg3+ {0-1 (40) Fedoseev,V (2724)-Tabatabaei,M (2577) Moscow 2018}) 9... Nf6 10. Nf3 {White is slightly better.} Nxg4 11. Bd3 $146 (11. Bh3 $11 h5 12. Ne5+ Kg8 13. Nxg4 hxg4 14. Qxg4 Bxc2 15. Qe6+ Kh7 16. Rh2) ({Predecessor:} 11. Rg1 h5 12. Bd3 Bxd3 13. Qxd3 Kg8 14. Ne5 Nd7 15. Nc3 Qf6 16. Nxd7 Qxh4+ {1-0 (33) Kevlishvili,R (2451)-Georgiev,K (2595) Skopje 2018}) 11... Bxd3 (11... Qe6+ $17 12. Ne5+ Nxe5 13. fxe5 Kg8) 12. Qxd3 $11 Qe6+ 13. Ne5+ Nxe5 14. fxe5 c5 15. Be3 cxd4 16. Bxd4 Nc6 17. Nc3 Qg4 $1 18. Ne2 Nxd4 19. Nxd4 e6 20. Ne2 Bc5 21. Rf1+ Ke7 22. O-O-O {Hoping for Nf4.} Rhf8 {[#] Strongly threatening ...Rxf1.} ({Wrong is} 22... Qxh4 $2 23. Nf4 $18) 23. Qb5 $1 {[%mdl 512]} Qb4 24. Qxb4 Bxb4 25. Nf4 $1 {[%cal Rf4g6]} Rf7 26. h5 Rc8 27. a3 {Threatens to win with Ng6+.} Bc5 $1 {[%cal Rc5e3]} 28. Kd2 (28. Ng6+ $11 Ke8 29. Rxf7 Kxf7 30. c3) 28... a5 (28... Kd7 $17 29. Nd3 Ke8 30. Rxf7 Kxf7) 29. a4 {[#]} (29. Ng6+ $11 Ke8 30. Rxf7 Kxf7 31. Rf1+ Kg8 32. Rf4) 29... Rc6 ({Black should play} 29... Kd7 $1 $17 {White must now prevent ...Rcf8.} 30. Nd3 Ke8) 30. c3 Ke8 31. Ng6 Rcc7 32. Nh8 (32. Kd3 $11) 32... Rfd7 33. Kd3 $1 Be7 34. Ng6 {The position is equal.} Rc4 35. Nf4 Rc6 36. Rf3 Bc5 37. Rdf1 Rf7 38. Ng6 Rxf3+ 39. Rxf3 {[%mdl 4096] Endgame KRB-KRN} Rc7 40. Nh8 Be7 41. Ng6 Rc4 42. Nf4 Rc6 43. Ng6 Rc4 44. Nf4 Rc6 45. Ng6 {Accuracy: White = 66%, Black = 65%.} 1/2-1/2

[Event "Eurasia Open Cup 2019"]
[Site "Ekaterinburg"]
[Date "2019.08.09"]
[Round "9.20"]
[White "Balashov, Yuri S"]
[Black "Isanzhulov, Arystan"]
[Result "1-0"]
[WhiteElo "2474"]
[BlackElo "2278"]
[Annotator "TA"]
[PlyCount "105"]
[EventDate "2019.07.31"]
[EventType "swiss"]
[EventCountry "RUS"]
[SourceTitle "playchess.com"]
[Source "ChessBase"]
[SourceQuality "1"]

{[%evp 9,105,31,27,27,37,29,51,39,47,31,38,33,49,50,64,53,61,53,74,62,73,56,94,103,97,104,97,112,147,135,147,150,148,144,147,103,199,127,225,218,345,335,321,303,331,294,401,408,405,379,403,384,371,347,350,276,254,251,408,395,389,370,310,259,266,255,650,680,645,592,640,672,660,658,670,620,664,646,695,691,769,773,1195,559,1015,1083,1033,879,29992,29993,29993,29993,29993,29994,29996,29995,29995,29996]} 1. d4 Nf6 2. c4 d6 3. Nc3 Bf5 4. Bg5 Nbd7 5. e3 c6 (5... h6 6. Bh4 c6 7. Bd3 Bxd3 8. Qxd3 d5 9. cxd5 cxd5 10. Qb5 g5 11. Bg3 Qb6 12. Nf3 {1-0 (79) Anton Guijarro,D (2646)-Rakhmanov,A (2635) Havana 2018}) 6. Bd3 {A53: Old Indian Defence without Nf3} Bxd3 7. Qxd3 g6 8. Nf3 {White is slightly better.} Bg7 9. O-O O-O 10. e4 c5 11. d5 a6 12. h3 $146 ({Predecessor:} 12. a4 h6 13. Bf4 Ng4 14. Qe2 Nge5 15. Nd2 {0-1 (45) Sergeev,V (2507)-Dlugosz,J (2332) Warsaw 2007}) 12... Rb8 13. a4 b6 14. Rfe1 Ne8 15. Nh2 b5 16. axb5 axb5 17. Nxb5 Nc7 18. Na7 Rxb2 19. Nf3 {And now Nc6 would win.} Nb8 20. e5 dxe5 21. Nxe5 Rb6 22. Bh4 Ne8 (22... f6 $16) 23. Qe3 (23. Qe2 $18 {Nac6 is the strong threat.} Qc7 24. Nb5 Qxe5 25. Qxe5 Bxe5 26. Rxe5) 23... Qc7 (23... Nd6 $16) 24. Nb5 $18 Rxb5 (24... Qxe5 {was necessary.} 25. Qxe5 Bxe5 26. Rxe5 Nd6) 25. cxb5 Nd6 {If only Black now had time for ...Nf5....} 26. Bg3 Qb6 27. Rab1 {Threatens to win with Nc6.} Nf5 28. Nc4 Qb7 29. Qf3 Nd7 30. Na5 Qb6 31. Nc6 Bf6 32. Be5 Nxe5 33. Nxe5 Rd8 $2 (33... Bxe5 34. Rxe5 Qd6) 34. Nc4 Qb7 35. b6 Nd6 36. Rec1 Nxc4 37. Rxc4 {aiming for d6.} Bd4 $2 {[#]} (37... Rd6 38. Qb3 (38. Rxc5 Rxb6 39. Rxb6 Qxb6 $18) 38... Bd4) 38. d6 $1 Qd7 (38... Rxd6 39. Qxb7) 39. b7 Rb8 40. dxe7 Qxe7 41. Qc6 Kg7 42. Rc2 Qe5 43. Ra2 Qf5 44. Rf1 Be5 45. Ra8 Qg5 46. Kh1 (46. Qc8 $142 Rxc8 47. bxc8=Q) 46... h5 {[#]} 47. f4 $1 Qf5 (47... Bxf4 48. Qc8) 48. Qxc5 Qd3 49. Qxe5+ {[%mdl 64] Double Attack. White mates.} f6 50. Qc7+ Kh6 51. Rxb8 {[%cal Rb8h8]} Qxf1+ 52. Kh2 {[%cal Rb8h8]} Qxf4+ 53. Qxf4+ {Accuracy: White = 70%, Black = 39%.} 1-0

[Event "Eurasia Open Cup 2019"]
[Site "Ekaterinburg"]
[Date "2019.08.09"]
[Round "9.21"]
[White "Garifullina, Leya"]
[Black "Kostenko, Petr"]
[Result "0-1"]
[WhiteElo "2268"]
[BlackElo "2471"]
[Annotator "TA"]
[PlyCount "98"]
[EventDate "2019.07.31"]
[EventType "swiss"]
[EventCountry "RUS"]
[SourceTitle "playchess.com"]
[Source "ChessBase"]
[SourceQuality "1"]

{[%evp 9,98,0,7,0,20,-16,-12,-16,-11,-20,-7,-18,-19,-29,-9,-39,-7,-8,-6,-20,0,-36,-36,-25,-37,-120,-107,-130,-117,-111,-120,-153,-148,-162,-109,-99,-102,-113,-122,-111,-111,-154,-148,-145,-153,-154,-75,-68,-66,-81,-43,-43,-42,-44,-44,-44,-44,-45,-51,-45,-31,-168,-166,-281,0,-233,-227,-206,-210,-191,-194,-248,-223,-714,-714,-714,-714,-714,-714,-710,-699,-702,-679,-699,-694,-29991,-29992,-29992,-29993,-29994,-29995]} 1. c4 e5 2. Nc3 Bb4 3. g3 Bxc3 4. bxc3 d6 5. Bg2 f5 6. Qb3 {A21: English Opening: 1...e5 2 Nc3} (6. Rb1 Nc6 7. d4 e4 8. Nh3 Nf6 9. Nf4 O-O 10. O-O Na5 11. Qa4 b6 12. e3 Bd7 13. Qb4 c5 14. dxc5 dxc5 {0-1 (26) Gosciniak,M (2132)-Gajewski,G (2613) Katowice 2019}) 6... Nd7 7. Ba3 c5 8. d3 {The position is equal.} ({Of course not} 8. Bxb7 Rb8 $17) 8... Ngf6 9. Nh3 $146 ({Predecessor:} 9. e3 O-O 10. Ne2 Kh8 11. h3 Re8 12. Bd5 Nxd5 13. cxd5 Rb8 14. g4 f4 {½-½ (25) Zimmermann,H (2177)-Legenstein,R (2050) Graz 2014}) 9... O-O 10. O-O Qe7 11. f3 h6 12. Bc1 g5 13. Nf2 f4 14. e3 {[%cal Re3f4]} Nh5 15. exf4 exf4 16. g4 Nhf6 17. Bd2 (17. h4 $15) 17... Qf7 $17 18. Rae1 Ne5 19. h4 b6 20. d4 Nxc4 21. Bc1 Na5 ({Better is} 21... Ba6 $19 22. Nh3 Nh7) 22. Qxf7+ Kxf7 23. hxg5 hxg5 24. Nh3 Rg8 25. Nxg5+ {[%mdl 64] Remove Defender} Rxg5 26. Bxf4 Rg6 27. Bxd6 Nd5 (27... cxd4 $142 28. Re7+ Kg8 29. cxd4 Nc6) 28. dxc5 Nc4 29. Rf2 Ba6 30. Bf1 Nxd6 31. Bxa6 bxc5 {And now ...Re6 would win.} 32. Re5 Nf4 {White must now prevent ...Nh3+.} 33. Rd2 Rh8 {Strongly threatening ...Rh3.} 34. Rxc5 Rgh6 $36 {[%mdl 2048] aiming for ...Rh1+. Black fights for an advantage.} 35. Rc7+ (35. Rc6 $15 Rh1+ 36. Kf2 R8h2+ 37. Ke3 Re1+ 38. Be2 Rhxe2+ 39. Rxe2 Nxe2 40. Kd2) 35... Ke6 $19 36. Rd4 (36. Kf2 $142) 36... Nd5 $2 ({Black should play} 36... Rh1+ $19 37. Kf2 R1h2+ 38. Ke3 Nd5+ 39. Rxd5 Kxd5 40. c4+ Ke5 41. Rc5+ Ke6) 37. Rc5 $2 (37. Bc4 $11 {and White stays safe.} Nxc4 38. Rcxc4) 37... Rh1+ 38. Kf2 R8h2+ 39. Kg3 Rh3+ $1 ({Not} 39... Rxa2 40. Bd3 $11) 40. Kf2 {[#]} R1h2+ $1 41. Kg1 $2 {[#]} (41. Ke1 Ne3 42. Rd2) 41... Ne3 $1 {[%csl Ge3][%cal Rh2g2]} 42. Bf1 Rh1+ 43. Kf2 Nxf1 44. Rh5 Rxh5 45. gxh5 Nf5 46. Ra4 N1g3 47. Rxa7 Rh2+ {Black mates.} 48. Kg1 Rb2 49. Ra8 Nh4 0-1